00836nam a22002537a 45000010005000000030006000050050017000110080041000280200018000690400029000870500018001160820011001341000023001452450068001682600043002363000053002794900027003325050009003595200092003685210029004605210020004896500045005097000028005547069FISKH20250702103331.0250619b cb ||||| |||| 00| 0 eng d a9781615904907 aFISKHbengcFISKHdFISKH aSF459.H47 A76 a639.67 aArmentrout, David aHelp! I have a hermit crab /cBy David and Patricia Armentrout  aFlorida :bRourke Publishing , c2011. a24 pages :bcolor illustrations ;c19 x 26 cm . aLet's talk about pets aO  aThe perfect introduction to being a pet owner for the child ready to get a hermit crab.8 a600 bLexile estimate 8 aO bRaz-Plus  aHermit crabs as petvJuvenile Literature aSturm, Jeanne eEditor